Fr. Conceicao Rodrigues College of Engineering

Applied electromagnetic theory:Analysis (Record no. 22811)

MARC details
000 -LEADER
fixed length control field 00400nam a2200169Ia 4500
082 ## - DEWEY DECIMAL CLASSIFICATION NUMBER
Classification number 530.14/NAI
Item number NAI
100 ## - MAIN ENTRY--PERSONAL NAME
Personal name Nair/Somanathan/ B/ Deepa
245 ## - TITLE STATEMENT
Title Applied electromagnetic theory:Analysis
260 ## - PUBLICATION, DISTRIBUTION, ETC.
Name of publisher, distributor, etc. prentice hall
Place of publication, distribution, etc. New Delhi
Date of publication, distribution, etc. 2008
366 ## - TRADE AVAILABILITY INFORMATION
Publishers's discount category 17.5
300 ## - PHYSICAL DESCRIPTION
Extent 370
546 ## - LANGUAGE NOTE
Language note ENGLISH
650 ## - SUBJECT ADDED ENTRY--TOPICAL TERM
Topical term or geographic name entry element Electromagnetics
654 ## - SUBJECT ADDED ENTRY--FACETED TOPICAL TERMS
Focus term electromagnetic
942 ## - ADDED ENTRY ELEMENTS (KOHA)
Koha item type BOOK
Holdings
Withdrawn status Lost status Damaged status Not for loan Collection Home library Current library Date acquired Source of acquisition Cost, normal purchase price Inventory number Total Checkouts Full call number Barcode Date last seen Cost, replacement price Price effective from Koha item type
        CRC Fr. Agnel's C.Rodrigues College of Engineering Fr. Agnel's C.Rodrigues College of Engineering 17/03/2023 Educational books and periodicals 268.13 236 dt 22/03/2009   530.14/NAI NAI 19467 17/03/2023 325.00   BOOK